| 000 | 01333nam0a2200325 4500 | ||
|---|---|---|---|
| 001 | RU\NLR\bibl\37176 | ||
| 005 | 20260406045947.0 | ||
| 010 | _a5-89396-123-4 | ||
| 010 |
_a5-89396-056-4 _9100000 _bсер. |
||
| 021 |
_aRU _b99-19420 _9948 |
||
| 035 | _a(NLR Aleph) 000036218 | ||
| 090 |
_a185889 _c185889 |
||
| 100 | _a19990707d1999 |||y0rusy50 ca | ||
| 101 | 0 | _arus | |
| 102 | _aRU | ||
| 105 | _aa ||||||||| | ||
| 200 | 1 |
_aЗвукарик _eПравильно слышим - грамотно пишем _eСб. занимат. упражнений для дошкольников по формированию нач. навыков чтения и грамот. письма _fА. Ундзенкова, Л. Колтыгина |
|
| 210 |
_aЕкатеринбург _cАРД ЛТД _d1999 |
||
| 215 |
_a127 с. _cил. _d20 |
||
| 225 | 1 | _aУчимся играя | |
| 606 | 0 |
_aРусский язык _jУчебные издания _91533567 _3RU\NLR\auth\66969347 |
|
| 686 | _aШ141.12-921 | ||
| 700 | 1 |
_4070 _8rus _7ca _aУндзенкова _bА. В. _gАнна Владимировна _3RU\NLR\auth\775535 _9115499 |
|
| 701 | 1 |
_aКолтыгина _bЛ. С. _4070 |
|
| 801 | 0 |
_aRU _bNLR _c19990707 _gPSBO |
|
| 801 | 1 |
_aRU _bNLR _c19990707 |
|
| 852 |
_aNLR _j99-3/6850 |
||
| 942 | _cBOOK | ||
| 980 | _aNB | ||